| 000 | 00654nam a2200217Ia 4500 | ||
|---|---|---|---|
| 005 | 20230207142311.0 | ||
| 008 | 210716s2012 xx 000 0 und d | ||
| 020 | _a9788131518069 | ||
| 040 | _cAIMIT LIBRARY | ||
| 041 | _aeng | ||
| 082 |
_a153.94004 _21 _bSINS |
||
| 100 |
_aSingh, S K _971062 |
||
| 245 |
_aReasoning and numerical ability for gate / _cBy S.K. Singh,V Anand and A E Reddy |
||
| 250 | _a1st ed. | ||
| 260 |
_aNew Delhi : _bCengage Learning , _c2012. |
||
| 300 |
_avii,734p. ; _bPB : _c28 cm |
||
| 650 |
_aAptitude Test _971063 |
||
| 700 |
_aAnand, V _971064 |
||
| 700 |
_aReddy, A E _971065 |
||
| 942 |
_2ddc _cBK _e1st _k153.94004 SINS |
||
| 999 |
_c193638 _d193638 |
||